Т. 1; 70 лет тюменской геологии: служа Отечеству

Dades bibliogràfiques
Parent link:70 лет тюменской геологии: служа Отечеству: в 2 т./ под ред. А. М. Брехунцова, В. Н. Битюкова. Т. 1.— , 2018-2019.— 978-5-9900407-8-6
Sumari:Оба тома издательского проекта "70 лет тюменской геологии: служа Отечеству" раскрывают историю создания и развития топливно-энергетической базы Западной Сибири (1948-1990 гг.). повествуют о деятельности Главтюменьгеологии, ее значительном вкладе в социально-экономическое и политическое развитие региона. Первый том включает краткую историю российской геологической службы - рассказ об истоках тюменской геологии. Здесь также подробно представлена объективная картина поиска и разведки нефтяных и газовых залежей в пределах Тюменской области (включая ХМ АО и ЯН АО) и Красноярского края до 1970 года. Второй том содержит информацию о развитии региональной геологической службы по настоящее время. Для специалистов в области геологии, геофизики, нефте- и газодобычи, историков, краеведов, студентов вузов и ссузов, а также широкого круга читателей, интересующихся историей освоения недр Западной Сибири.
Idioma:rus
Publicat: 2018
Matèries:
Format: MixedMaterials Llibre
KOHA link:https://koha.lib.tpu.ru/cgi-bin/koha/opac-detail.pl?biblionumber=344207

MARC

LEADER 00000nam2a2200000 4500
001 344207
005 20231102005635.0
010 |a 9785990040793 
035 |a (RuTPU)RU\TPU\book\375476 
090 |a 344207 
100 |a 20200114d2018 km y0rusy50 ca 
101 0 |a rus 
102 |a RU 
105 |a a z 011zy 
200 0 |a Т. 1 
210 |d 2018 
215 |a 384 с.  |c ил. 
320 |a Библиогр.: с. 371-373 
330 |a Оба тома издательского проекта "70 лет тюменской геологии: служа Отечеству" раскрывают историю создания и развития топливно-энергетической базы Западной Сибири (1948-1990 гг.). повествуют о деятельности Главтюменьгеологии, ее значительном вкладе в социально-экономическое и политическое развитие региона. Первый том включает краткую историю российской геологической службы - рассказ об истоках тюменской геологии. Здесь также подробно представлена объективная картина поиска и разведки нефтяных и газовых залежей в пределах Тюменской области (включая ХМ АО и ЯН АО) и Красноярского края до 1970 года. Второй том содержит информацию о развитии региональной геологической службы по настоящее время. Для специалистов в области геологии, геофизики, нефте- и газодобычи, историков, краеведов, студентов вузов и ссузов, а также широкого круга читателей, интересующихся историей освоения недр Западной Сибири. 
461 1 |0 (RuTPU)RU\TPU\book\366745  |y 978-5-9900407-8-6  |t 70 лет тюменской геологии: служа Отечеству  |o в 2 т.  |f под ред. А. М. Брехунцова, В. Н. Битюкова  |v Т. 1  |d 2018-2019 
606 1 |a Геология  |y Тюменская область  |2 stltpush  |3 (RuTPU)RU\TPU\subj\80041  |9 87965 
610 1 |a геологическая служба 
610 1 |a Тюменская область 
610 1 |a Сибирь 
610 1 |a геологическая разведка 
610 1 |a нефть 
610 1 |a нефтяные месторождения 
610 1 |a нефтегазовые месторождения 
610 1 |a рабочие поселки 
610 1 |a магистрали 
610 1 |a города 
610 1 |a Коллекция История ТПУ 
610 1 |a Томский технологический институт 
610 1 |a томские ученые 
610 1 |a Томская область 
610 1 |a Томская геологическая школа 
610 1 |a история 
610 1 |a выпускники-геологи 
610 1 |a выпускники ТПИ 
675 |a 55(571.12)  |v 4 
801 1 |a RU  |b 63413507  |c 20200114 
801 2 |a RU  |b 63413507  |c 20210728  |g RCR 
942 |c BK